[Event "CZE-chTA U20 1213"]
[Site "Czech Republic"]
[Date "2013.04.14"]
[Round "11.5"]
[White "Svoboda, Filip"]
[Black "Brejnik, Gustav"]
[Result "1-0"]
[WhiteElo "1692"]
[BlackElo "1777"]
[PlyCount "94"]
[EventDate "2012.10.06"]
[EventType "team-tourn"]
[EventRounds "11"]
[EventCountry "CZE"]
[SourceTitle "EXT 2015"]
[Source "ChessBase"]
[SourceDate "2014.11.20"]
[SourceVersion "1"]
[SourceVersionDate "2014.11.20"]
[SourceQuality "1"]
[WhiteTeam "Brno Lokomotiva (U20)"]
[BlackTeam "Udlice (U20)"]
[WhiteTeamCountry "CZE"]
[BlackTeamCountry "CZE"]

1. e4 c6 2. d4 d5 3. e5 Bf5 4. h4 h5 5. c4 e6 6. Nc3 Nd7 7. cxd5 cxd5 8. Bd3 Bxd3 9. Qxd3 Rc8 10. Nf3 Bb4 11. Bd2 Ne7 12. Rc1 a6 13. 0-0 Nf5 14. g3 0-0 15. Nxd5 Rxc1 16. Bxc1 Nxe5 17. dxe5 Qxd5 18. Qxd5 exd5 19. Rd1 Rd8 20. Bg5 Be7 21. Bxe7 Nxe7 22. Nd4 Rc8 23. f4 g6 24. Kf2 Kf8 25. Ke3 Ke8 26. Rd3 Kd7 27. Rb3 Rc7 28. Rb6 Ke8 29. Kd2 Rc4 30. Ne2 Rc7 31. Nd4 Rc4 32. Kd3 Rc7 33. b3 Rd7 34. f5 Rc7 35. Kd2 Kf8 36. Rd6 Ke8 37. f6 Nc6 38. Nxc6 bxc6 39. Kc3 c5 40. Rxd5 Rc6 41. Kc4 Re6 42. Kxc5 Kf8 43. Rd8+ Re8 44. Rxe8+ Kxe8 45. Kb6 Kd7 46. Kxa6 Ke6 47. b4 Kd5 1-0

[Event "Novy Bor op-A"]
[Site "Novy Bor"]
[Date "2013.02.14"]
[Round "7"]
[White "Svoboda, Filip"]
[Black "Koziol, Kamil"]
[Result "0-1"]
[WhiteElo "1739"]
[BlackElo "2000"]
[PlyCount "80"]
[EventDate "2013.02.09"]
[EventType "swiss"]
[EventRounds "9"]
[EventCountry "CZE"]
[SourceTitle "CBM 152 Extra"]
[Source "ChessBase"]
[SourceDate "2013.02.25"]
[SourceVersion "1"]
[SourceVersionDate "2013.02.25"]
[SourceQuality "1"]

1. e4 d5 2. exd5 Nf6 3. d4 Bg4 4. Nf3 Qxd5 5. Be2 Nc6 6. Nc3 Qh5 7. 0-0 0-0-0 8. Be3 e5 9. h3 Nxd4 10. Nxd4 Bxe2 11. Ncxe2 Qg6 12. Qd3 Qxd3 13. cxd3 exd4 14. Bxd4 Nd5 15. a3 f6 16. Rac1 Bd6 17. g3 Rhe8 18. Rc2 b6 19. Rfc1 Kb7 20. b4 Be5 21. Kf1 Rd7 22. Bxe5 Rxe5 23. Nd4 Ne7 24. Nf3 Red5 25. Ke2 c6 26. d4 R7d6 27. Rd1 Nf5 28. Rcd2 h5 29. Rd3 Ka6 30. R1d2 g5 31. g4 hxg4 32. hxg4 Ne7 33. Ne1 Ng6 34. Ng2 Rd8 35. Rf3 R5d6 36. Kd1 Ne5 37. Rf5 Rxd4 38. Rxd4 Rxd4+ 39. Ke2 Rxg4 40. Ne3 Rf4 0-1

[Event "Novy Bor op-A"]
[Site "Novy Bor"]
[Date "2013.02.13"]
[Round "5"]
[White "Svoboda, Filip"]
[Black "Majstr, Jiri"]
[Result "1/2-1/2"]
[WhiteElo "1739"]
[BlackElo "1873"]
[PlyCount "138"]
[EventDate "2013.02.09"]
[EventType "swiss"]
[EventRounds "9"]
[EventCountry "CZE"]
[SourceTitle "CBM 152 Extra"]
[Source "ChessBase"]
[SourceDate "2013.02.25"]
[SourceVersion "1"]
[SourceVersionDate "2013.02.25"]
[SourceQuality "1"]

1. e4 e5 2. Nf3 Nf6 3. Nxe5 d6 4. Nf3 Nxe4 5. Nc3 Nf6 6. d4 d5 7. Bf4 Bd6 8. Bg3 0-0 9. Be2 Nc6 10. 0-0 a6 11. Re1 Bf5 12. Qd2 Bxg3 13. hxg3 Qd6 14. Bd3 Bxd3 15. Qxd3 Rfe8 16. Rad1 Rad8 17. a3 h6 18. Kf1 Rxe1+ 19. Rxe1 Re8 20. Rxe8+ Nxe8 21. Na4 Qf6 22. Nc5 Nd6 23. c3 g5 24. Qc2 b6 25. Nxa6 g4 26. Nd2 Qe7 27. Nb4 Nxb4 28. axb4 Qg5 29. b3 Qf6 30. Qd3 b5 31. Kg1 c6 32. Kf1 Nf5 33. Kg1 Qe6 34. Nf1 Nd6 35. Ne3 Ne4 36. Qe2 Nxc3 37. Qxg4+ Qxg4 38. Nxg4 Ne2+ 39. Kf1 Nxd4 40. Nxh6+ Kf8 41. Ng4 Nxb3 42. Ne5 Nd4 43. f4 f6 44. Nd3 Ke7 45. Kf2 Kd6 46. g4 Ne6 47. Ke3 c5 48. f5 d4+ 49. Ke2 Ng5 50. Nxc5 Kd5 51. Kd3 Nf7 52. Nd7 Ne5+ 53. Nxe5 Kxe5 54. g5 fxg5 55. f6 Kxf6 56. Kxd4 Kf5 57. Kc5 Kg4 58. Kxb5 Kg3 59. Kc4 g4 60. b5 Kxg2 61. b6 g3 62. b7 Kf2 63. b8Q g2 64. Qf4+ Ke2 65. Qg3 Kf1 66. Qf3+ Kg1 67. Kd3 Kh2 68. Qf2 Kh1 69. Qg3 g1Q 1/2-1/2

[Event "Novy Bor op-A"]
[Site "Novy Bor"]
[Date "2013.02.11"]
[Round "3"]
[White "Svoboda, Filip"]
[Black "Majstrova, Alzbeta"]
[Result "1-0"]
[WhiteElo "1739"]
[BlackElo "1567"]
[PlyCount "99"]
[EventDate "2013.02.09"]
[EventType "swiss"]
[EventRounds "9"]
[EventCountry "CZE"]
[SourceTitle "CBM 152 Extra"]
[Source "ChessBase"]
[SourceDate "2013.02.25"]
[SourceVersion "1"]
[SourceVersionDate "2013.02.25"]
[SourceQuality "1"]

1. e4 e5 2. Nf3 Nf6 3. Nc3 Nc6 4. Bb5 d6 5. d4 Bd7 6. 0-0 a6 7. Bxc6 Bxc6 8. Re1 exd4 9. Qxd4 Be7 10. Bf4 0-0 11. Rad1 Re8 12. e5 Bxf3 13. gxf3 dxe5 14. Qc4 Qc8 15. Rxe5 b5 16. Qc6 Bd6 17. Rxe8+ Nxe8 18. Nd5 Kf8 19. Nb6 cxb6 20. Bxd6+ Kg8 21. Qxc8 Rxc8 22. Be7 f6 23. Rd8 Rxd8 24. Bxd8 Nd6 25. Bxb6 Nc4 26. Bd4 Kf7 27. Kf1 Ke6 28. Ke2 Kd5 29. Kd3 Nd6 30. b3 a5 31. Bb6 Nb7 32. a4 Kc6 33. Ba7 Nd6 34. c4 bxc4+ 35. bxc4 Nf5 36. Ke4 Ne7 37. Be3 g6 38. Bd4 f5+ 39. Ke5 Nc8 40. c5 Ne7 41. Kf6 Kd7 42. Kg7 h5 43. Bf6 Nd5 44. Kxg6 Nxf6 45. Kxf6 Kc6 46. Kxf5 Kxc5 47. Ke4 Kd6 48. f4 Ke6 49. f5+ Kf6 50. h4 1-0

[Event "Brno op 3rd"]
[Site "Brno"]
[Date "2012.11.17"]
[Round "9"]
[White "Kassel, Walter"]
[Black "Svoboda, Filip"]
[Result "0-1"]
[WhiteElo "1941"]
[BlackElo "1692"]
[PlyCount "66"]
[EventDate "2012.11.10"]
[EventType "swiss"]
[EventRounds "9"]
[EventCountry "CZE"]
[SourceTitle "CBM 151 Extra"]
[Source "ChessBase"]
[SourceDate "2012.12.18"]
[SourceVersion "1"]
[SourceVersionDate "2012.12.18"]
[SourceQuality "1"]

1. Nf3 Nf6 2. g3 d5 3. Bg2 Bf5 4. 0-0 Nbd7 5. d3 c6 6. Nbd2 e5 7. c3 Bd6 8. Re1 Bg6 9. e4 dxe4 10. dxe4 0-0 11. Nh4 Qe7 12. Nc4 Bc7 13. Bg5 Rad8 14. Qf3 h6 15. Nxg6 fxg6 16. Be3 Nc5 17. Bxc5 Qxc5 18. Qe2 Rd7 19. b4 Qe7 20. Bh3 Rdd8 21. Qe3 b5 22. Nb2 Bb6 23. Qe2 Nxe4 24. Qxe4 Rxf2 25. Kh1 Rdd2 26. Bg2 Rxb2 27. Qxc6 Rxg2 28. Qxg2 Rxg2 29. Kxg2 e4 30. Rad1 e3 31. Re2 Qe4+ 32. Kg1 Qc4 33. Rc2 e2+ 0-1

[Event "Brno op 3rd"]
[Site "Brno"]
[Date "2012.11.14"]
[Round "6"]
[White "Svoboda, Filip"]
[Black "Korinkova, Eva"]
[Result "1-0"]
[WhiteElo "1692"]
[BlackElo "1813"]
[PlyCount "105"]
[EventDate "2012.11.10"]
[EventType "swiss"]
[EventRounds "9"]
[EventCountry "CZE"]
[SourceTitle "CBM 151 Extra"]
[Source "ChessBase"]
[SourceDate "2012.12.18"]
[SourceVersion "1"]
[SourceVersionDate "2012.12.18"]
[SourceQuality "1"]

1. e4 c5 2. Nf3 d6 3. d4 cxd4 4. Nxd4 Nf6 5. Nc3 g6 6. f4 Nc6 7. Bb5 Bd7 8. Be3 Bg7 9. 0-0 0-0 10. Bxc6 bxc6 11. Qd2 Ng4 12. Rad1 Nxe3 13. Qxe3 Qb6 14. b3 a6 15. Rd3 c5 16. Nf3 Bb5 17. Nd5 Qb7 18. c4 Bc6 19. Re1 e6 20. Nc3 Rfd8 21. e5 dxe5 22. fxe5 Rxd3 23. Qxd3 Qc7 24. Qe3 Qe7 25. Ne4 Bxe4 26. Qxe4 Ra7 27. Rd1 a5 28. Qc6 Bf8 29. Kf2 Kg7 30. Qc8 Qc7 31. Qxc7 Rxc7 32. Rd8 Ra7 33. Nd2 a4 34. Rb8 axb3 35. axb3 Ra2 36. Ke3 Be7 37. Ne4 Rxg2 38. Rc8 Rxh2 39. Nxc5 Bxc5+ 40. Rxc5 Rh3+ 41. Kd4 Rxb3 42. Rb5 Rg3 43. c5 Rg4+ 44. Kd3 Kf8 45. c6 Ke7 46. Rb8 Rg1 47. c7 Rc1 48. c8Q Rxc8 49. Rxc8 h5 50. Ke4 f5+ 51. Kf4 Kf7 52. Rc7+ Kf8 53. Kg5 1-0

[Event "Morava-ch U16"]
[Site "Kouty nad Desnou"]
[Date "2012.10.27"]
[Round "7"]
[White "Svoboda, Filip"]
[Black "Kostka, Vit"]
[Result "0-1"]
[WhiteElo "1692"]
[BlackElo "1836"]
[PlyCount "75"]
[EventDate "2012.10.24"]
[EventType "swiss"]
[EventRounds "9"]
[EventCountry "CZE"]
[SourceTitle "EXT 2015"]
[Source "ChessBase"]
[SourceDate "2014.11.20"]
[SourceVersion "1"]
[SourceVersionDate "2014.11.20"]
[SourceQuality "1"]

1. e4 c5 2. Nf3 d6 3. d4 cxd4 4. Nxd4 Nf6 5. Nc3 g6 6. f4 Bg7 7. e5 dxe5 8. fxe5 Nd5 9. Bb5+ Kf8 10. Nf3 e6 11. Be3 Qa5 12. Bc5+ Kg8 13. b4 Nxb4 14. Bxb4 Qxb4 15. Qd8+ Qf8 16. Rd1 h6 17. Ne4 Nc6 18. Qxf8+ Kxf8 19. Bxc6 bxc6 20. Rd6 Ba6 21. Rxc6 Bb7 22. Rc4 Bd5 23. Ra4 Ke7 24. Kd2 Rhd8 25. Ke3 g5 26. c4 Bc6 27. Ra5 Rd7 28. Nd4 Bb7 29. Nc5 Rc7 30. Nxb7 Rxb7 31. Ke4 Rd7 32. Rd1 Ke8 33. Rd3 Rad8 34. Raa3 Rc8 35. Rdc3 Rc5 36. Rd3 Rxe5+ 37. Kf3 Rc5 38. Ra4 0-1

[Event "CZE-chTE U20 1213"]
[Site "Czech Republic"]
[Date "2012.10.07"]
[Round "4.5"]
[White "Skalka, Jan"]
[Black "Svoboda, Filip"]
[Result "1/2-1/2"]
[WhiteElo "1739"]
[BlackElo "1692"]
[PlyCount "105"]
[EventDate "2012.10.06"]
[EventType "team-tourn"]
[EventRounds "11"]
[EventCountry "CZE"]
[SourceTitle "EXT 2015"]
[Source "ChessBase"]
[SourceDate "2014.11.20"]
[SourceVersion "1"]
[SourceVersionDate "2014.11.20"]
[SourceQuality "1"]
[WhiteTeam "Namest nad Oslavou (U20)"]
[BlackTeam "Brno Lokomotiva (U20)"]
[WhiteTeamCountry "CZE"]
[BlackTeamCountry "CZE"]

1. e4 e6 2. d4 d5 3. exd5 exd5 4. Bd3 c5 5. dxc5 Bxc5 6. Nf3 Nf6 7. 0-0 0-0 8. Bg5 Nbd7 9. Nbd2 Nb6 10. Nb3 Be7 11. Nbd4 Bg4 12. h3 Bxf3 13. Qxf3 h6 14. Bh4 Ne4 15. Bxe7 Qxe7 16. Rfe1 Qf6 17. Qxf6 Nxf6 18. Re7 Nbd7 19. Bf5 Rad8 20. Nb5 Rfe8 21. Rae1 Rxe7 22. Rxe7 Kf8 23. Re3 a6 24. Nd4 g6 25. Bxd7 Rxd7 26. f3 Re7 27. Kf2 Nd7 28. Ke2 Nc5 29. Kd2 Rxe3 30. Kxe3 Ke7 31. b4 Nd7 32. Nb3 b6 33. Kd4 Kd6 34. Nd2 Ne5 35. c3 g5 36. a3 Ke6 37. Nf1 Nc4 38. a4 Kd6 39. g4 Ne5 40. Nd2 f6 41. Ke3 Ng6 42. Nb3 Ke5 43. Nd4 Ne7 44. a5 b5 45. Nb3 Nc6 46. Nc5 Nb8 47. Nd3+ Kd6 48. f4 Nd7 49. Kd4 Nb8 50. fxg5 hxg5 51. Nc5 Kc6 52. Ke3 Kd6 53. Kd4 1/2-1/2

[Event "CZE-chTE U20 1213"]
[Site "Czech Republic"]
[Date "2012.10.06"]
[Round "1.5"]
[White "Svoboda, Filip"]
[Black "Vancura, Daniel"]
[Result "1/2-1/2"]
[WhiteElo "1692"]
[BlackElo "1743"]
[PlyCount "50"]
[EventDate "2012.10.06"]
[EventType "team-tourn"]
[EventRounds "11"]
[EventCountry "CZE"]
[SourceTitle "EXT 2015"]
[Source "ChessBase"]
[SourceDate "2014.11.20"]
[SourceVersion "1"]
[SourceVersionDate "2014.11.20"]
[SourceQuality "1"]
[WhiteTeam "Brno Lokomotiva (U20)"]
[BlackTeam "Polabiny (U20) II"]
[WhiteTeamCountry "CZE"]
[BlackTeamCountry "CZE"]

1. e4 e5 2. Nf3 Nc6 3. d4 exd4 4. Nxd4 Bc5 5. Nxc6 Qf6 6. Qf3 Qxf3 7. gxf3 dxc6 8. Be3 Bxe3 9. fxe3 Be6 10. Rg1 g6 11. Nd2 0-0-0 12. Rd1 Ne7 13. Bc4 Bxc4 14. Nxc4 f6 15. Ke2 c5 16. e5 f5 17. f4 Nc6 18. c3 Rhe8 19. Rxd8+ Rxd8 20. Rd1 Rxd1 21. Kxd1 Kd7 22. Kc2 Ke6 23. Nd2 Ne7 24. c4 h6 25. Kc3 Nc6 1/2-1/2

[Event "EU-ch U14"]
[Site "Prague"]
[Date "2012.08.24"]
[Round "8"]
[White "Rydl, Jiri"]
[Black "Svoboda, Filip"]
[Result "1-0"]
[WhiteElo "2021"]
[BlackElo "1706"]
[PlyCount "97"]
[EventDate "2012.08.17"]
[EventType "swiss"]
[EventRounds "9"]
[EventCountry "CZE"]
[SourceTitle "CBM 150 Extra"]
[Source "ChessBase"]
[SourceDate "2012.10.19"]
[SourceVersion "1"]
[SourceVersionDate "2012.10.19"]
[SourceQuality "1"]

1. e4 e6 2. d3 d5 3. Nd2 Nf6 4. Ngf3 b6 5. c3 Be7 6. Qa4+ Bd7 7. Qc2 Bc6 8. Be2 0-0 9. 0-0 Bb7 10. Re1 c5 11. h3 Qc7 12. a4 Nc6 13. Bf1 Rac8 14. Nb3 dxe4 15. dxe4 Ne5 16. Nxe5 Qxe5 17. f4 Qc7 18. e5 Nd5 19. g3 Rfd8 20. Bg2 Rd7 21. Nd2 Rcd8 22. Ne4 Bf8 23. Ng5 g6 24. Ne4 Be7 25. b3 c4 26. b4 Kg7 27. Ba3 a6 28. Rad1 a5 29. Rb1 axb4 30. cxb4 Nxb4 31. Bxb4 Bxb4 32. Rxb4 Bxe4 33. Qxc4 Qxc4 34. Rxc4 Bxg2 35. Kxg2 Rd2+ 36. Kf3 R8d4 37. Rxd4 Rxd4 38. Re4 Rd3+ 39. Re3 Rxe3+ 40. Kxe3 Kf8 41. Kd4 Ke7 42. Kc4 Kd7 43. Kb5 Kc7 44. Ka6 Kc6 45. Ka7 Kc7 46. g4 h6 47. h4 Kc6 48. Kb8 b5 49. a5 1-0

[Event "Brno Duras op-A"]
[Site "Brno"]
[Date "2012.06.29"]
[Round "8"]
[White "Svoboda, Filip"]
[Black "Dirgas, Josef"]
[Result "0-1"]
[WhiteElo "1662"]
[BlackElo "2036"]
[PlyCount "38"]
[EventDate "2012.06.23"]
[EventType "tourn"]
[EventRounds "9"]
[EventCountry "CZE"]
[SourceTitle "CBM 149 Extra"]
[Source "ChessBase"]
[SourceDate "2012.08.24"]
[SourceVersion "1"]
[SourceVersionDate "2012.08.24"]
[SourceQuality "1"]

1. e4 c6 2. d4 d5 3. e5 c5 4. c3 Nc6 5. Nf3 Bg4 6. Be3 cxd4 7. cxd4 e6 8. Be2 Nge7 9. h3 Bxf3 10. Bxf3 Qb6 11. Qb3 Qxb3 12. axb3 Nf5 13. Nc3 Nfxd4 14. 0-0 Nxf3+ 15. gxf3 d4 16. Nb5 dxe3 17. Nc7+ Kd7 18. Nxa8 e2 19. Rfe1 Nd4 0-1